Waluty Afryki - Statystyki

Ogólne statystyki
  • Ten quiz został rozwiązany 7 razy
  • Średni wynik to 11 z 54
Statystyki odpowiedzi
Państwo Waluta % Poprawnych
Algieria Dinar algierski
50%
Libia Dinar libijski
50%
Tunezja Dinar tunezyjski
50%
Somalia Dolaramerykański
50%
Liberia Dolar liberyjski
50%
Komory Frank komorów
50%
Sudan Południowy Funtpołudniowosudański
50%
Egipt Funt egipski
50%
Sudan Funt sudański
50%
Botswana Pula
50%
Mauritius Rupia mauritiusu
50%
Seszele Rupia seszelska
50%
Kenia Szyling kenijski
50%
Madagaskar Ariary
25%
Etiopia Birr
25%
Ghana Cedi
25%
Gambia Dalasi
25%
Maroko Dirham marokkański
25%
Wyspy ŚwiętegoTomasza i Książęca Dobra
25%
Burundi Frank burundyjski
25%
Gwinea Frank gwinejski
25%
DemokratycznaRepublika Konga Frank kongijski
25%
Kongo Frank kongijski
25%
Rwanda Frank rwandyjski
25%
Angola Kwanza
25%
Sierra Leone Leone
25%
Mozambik Metical
25%
Nigeria Naira
25%
Erytrea Nakfa
25%
Republika PołudniowejAfryki Rand
25%
Tanzania Szyling tanzański
25%
Uganda Szyling ugandyjski
25%
Republika ZielonegoPrzylądka Escudo ZielonegoPrzylądka
0%
Benin Frank CFA(Afryka Zachodnia)
0%
Burkina Faso Frank CFA(Afryka Zachodnia)
0%
Gwinea Bissau Frank CFA(Afryka Zachodnia)
0%
Mali Frank CFA(Afryka Zachodnia)
0%
Senegal Frank CFA(Afryka Zachodnia)
0%
Togo Frank CFA(Afryka Zachodnia)
0%
Wybrzeże KościSłoniowej Frank CFA(Zachodnia Afryka)
0%
Dżibuti Frank dżibutyjski
0%
Malawi Kwacha malawijska
0%
Zambia Kwacha zambijska
0%
Lesotho Loti
0%
Niger Naira
0%
Eswatini Rand
0%
Namibia Rand
0%
Czad ŚrodkowoafrykańskiFrank CFA
0%
Gabon ŚrodkowoafrykańskiFrank CFA
0%
Gwinea Równikowa ŚrodkowoafrykańskiFrank CFA
0%
Kamerun ŚrodkowoafrykańskiFrank CFA
0%
Republika ŚrodkowejAfryki ŚrodkowoafrykańskiFrank CFA
0%
Mauretania Ugija
0%
Zimbabwe Zimbabwe Gold
0%
Nie znaleziono quizów pasujących do podanych kryteriów
Rozkład punktacji
Procent ludzi z każdym wynikiem
Percentyl według liczby udzielonych odpowiedzi
Twoja historia wyników
Nie rozwiązałeś tego quizu